|
|
|
|
| LEADER |
00000nam0a2200000 4500 |
| 001 |
141877 |
| 005 |
20231101220934.0 |
| 010 |
|
|
|a 5080013281
|
| 020 |
|
|
|a RU
|b 88-41506
|
| 035 |
|
|
|a (RuTPU)RU\TPU\book\153775
|
| 090 |
|
|
|a 141877
|
| 100 |
|
|
|a 20080828d1988 c y0rusy5003 ca
|
| 101 |
0 |
|
|a rus
|
| 102 |
|
|
|a RU
|
| 105 |
|
|
|a a z 000ay
|
| 200 |
1 |
|
|a Конек-горбунок
|e Русская сказка в 3-х ч.
|e Для младшего школьного возраста
|f П. П. Ершов
|g авт. послесл., объяснение устаревших слов В. П. Аникин ; худож. В. А. Милашевский
|
| 205 |
|
|
|a [Переизд.]
|
| 210 |
|
|
|a Москва
|c Детская литература
|d 1988
|
| 215 |
|
|
|a 141,[2] с.
|c цв. ил.
|d 28 см
|
| 610 |
1 |
|
|a Сказки русские
|
| 610 |
1 |
|
|a детская литература
|
| 675 |
|
|
|a Р1
|z rus
|
| 700 |
|
1 |
|a Ершов
|b П. П.
|c русский писатель
|f 1815-1869
|g Петр Павлович
|2 stltpush
|3 (RuTPU)RU\TPU\pers\15511
|9 5372
|
| 702 |
|
1 |
|a Аникин
|b В. П.
|4 075
|
| 702 |
|
1 |
|a Милашевский
|b В. А.
|4 440
|
| 801 |
|
0 |
|a RU
|b RuMRKP
|c 19950417
|g psbo
|
| 801 |
|
1 |
|a RU
|b 63413507
|c 20080828
|g PSBO
|
| 801 |
|
2 |
|a RU
|b 63413507
|c 20080828
|g PSBO
|
| 942 |
|
|
|c BK
|